000 00852cab a2200253 4500
001 WB3521-17
008 090401t1999 xxu||||| |||| 00| 0 eng d
035 _a(Sirsi) u93775
041 _aeng
245 _aCheap money`s residual risks
260 _c1999
350 _a0
490 _aFinancial Times
_v4 June 1999, 27(1)
520 _aResearch from FPD Savills indicates that lenders are not being conservative enough in setting the terms of loans on property. They claim that lenders have not adjusted loan terms to reflect low interest rates and low inflation. Table.
650 _aCAPITAL VALUES
650 _aFPD SAVILLS
650 _aLENDERS
650 _aPROPERTY INVESTMENT
650 _aPROPERTY LOANS
650 _aPROPERTY MARKET
690 _aPROPERTY-PROPERTY FINANCE AND INVESTMENT
942 _n0
948 _c04/06/1999
999 _c59439
_d59439